000 00798nam a22002297a 4500
003 UA-OsUOA
001 61006
007 ta
008 20090615b un ||||| |||| 00| 0 ukr d
090 _a2
_bИ74
942 _cMG
040 _aUA-OsUOA
_brus
_cUA-OsUOA
_dUA-OsUOA
245 _aИнформационный бюлетень отдела внешних церковных связей Московского Патриархата
_bБюлетень зарегистрирован в Министерстве печати и массовой информации РФ
300 _a106 с.
955 _a1
041 _arus
080 _a2
260 _aМ.
246 3 1 _aИнформационный бюлетень
_n
044 _aRU
650 7 _a2 Релігія. Теологія.
_2UDC
999 _c347355
_d347355